[Event "GER-chT Online Liga 1 GpA"]
[Site "Playchess.com INT"]
[Date "2021.02.23"]
[Round "4.3"]
[White "Dunsbach, Ralf"]
[Black "Misini, Burhanudin"]
[Result "1/2-1/2"]
[WhiteElo "2142"]
[BlackElo "1999"]
[PlyCount "37"]
[EventDate "2021.01.22"]
[EventType "team-tourn (rapid)"]
[EventRounds "7"]
[EventCountry "GER"]
[SourceTitle "EXT 2022"]
[Source "ChessBase"]
[SourceDate "2021.10.06"]
[SourceVersion "1"]
[SourceVersionDate "2021.10.06"]
[SourceQuality "1"]
[WhiteTeam "Bad Homburg"]
[BlackTeam "Ludwigshafen"]
[WhiteTeamCountry "GER"]
[BlackTeamCountry "GER"]

1. c4 e5 2. g3 Nf6 3. Bg2 c6 4. d4 exd4 5. Qxd4 d5 6. Nf3 c5 7. Qe5+ Be7 8. cxd5 Qxd5 9. Nc3 Qd8 10. Bf4 Nc6 11. Qc7 0-0 12. Qxd8 Rxd8 13. 0-0 Be6 14. Rfd1 Nd5 15. Nxd5 Rxd5 16. Nd2 Rd7 17. Bxc6 bxc6 18. Nb3 Rb7 19. Bd6 1/2-1/2

[Event "DSOL 01 Liga Gr-C 1st"]
[Site "Playchess.com INT"]
[Date "2020.07.17"]
[Round "4.3"]
[White "Huo, Da"]
[Black "Misini, Burhanudin"]
[Result "0-1"]
[WhiteElo "1870"]
[BlackElo "2045"]
[PlyCount "138"]
[EventDate "2020.06.22"]
[EventType "team-tourn (rapid)"]
[EventCountry "GER"]
[SourceTitle "EXT 2021"]
[Source "ChessBase"]
[SourceDate "2020.10.23"]
[SourceVersion "1"]
[SourceVersionDate "2020.10.23"]
[SourceQuality "1"]
[WhiteTeam "Hamburger SK"]
[BlackTeam "Ludwigshafen"]
[WhiteTeamCountry "GER"]
[BlackTeamCountry "GER"]

1. e4 c5 2. Nf3 Nc6 3. d4 cxd4 4. Nxd4 e5 5. Nb5 d6 6. c4 Be7 7. N1c3 a6 8. Na3 f5 9. exf5 Bxf5 10. Bd3 Be6 11. Nc2 Nf6 12. 0-0 0-0 13. a3 Rc8 14. Ne3 Nd4 15. Ned5 b5 16. Nxe7+ Qxe7 17. cxb5 Bb3 18. Qd2 axb5 19. Nxb5 Nxb5 20. Bxb5 Qe6 21. a4 Nd5 22. Re1 Rc2 23. Qg5 h6 24. Qh4 Rfxf2 25. Bf1 g5 26. Qh3 Qxh3 27. gxh3 Ne7 28. Ra3 Bd5 29. Rc3 Rxh2 30. Rxc2 Rxc2 31. b4 Nf5 32. Be3 Rb2 33. b5 Ra2 34. a5 Rxa5 35. Bb6 Ra4 36. Rd1 Bf3 37. Rb1 Kf7 38. Bg2 Bxg2 39. Kxg2 Ke6 40. Bf2 Kd7 41. b6 Kc8 42. b7+ Kb8 43. Rb2 e4 44. Rb5 Ra2 45. Rxf5 e3 46. Rf8+ Kxb7 47. Re8 Rxf2+ 48. Kg3 d5 49. Rxe3 Rf6 50. Rd3 Kc6 51. Rd1 Kc5 52. Rc1+ Kd6 53. Rd1 Rf4 54. Ra1 d4 55. Ra3 Kd5 56. Ra5+ Ke4 57. Ra4 Ke3 58. Ra1 d3 59. Re1+ Kd2 60. Re6 Kd1 61. h4 d2 62. Rxh6 Rxh4 63. Rg6 Kc2 64. Rxg5 Rd4 65. Rf5 d1Q 66. Rf2+ Kc3 67. Kg2 Qg4+ 68. Kh2 Rd3 69. Kh1 Qh3+ 0-1

[Event "EU-ch Online U2300 Qual"]
[Site "Chess.com INT"]
[Date "2020.05.25"]
[Round "4"]
[White "Koutlas, Nikolaos"]
[Black "Misini, Burhanudin"]
[Result "1-0"]
[WhiteElo "2032"]
[BlackElo "1999"]
[PlyCount "73"]
[EventDate "2020.05.25"]
[EventType "swiss"]
[EventRounds "8"]
[EventCountry "NET"]
[SourceTitle "EXT 2021"]
[Source "ChessBase"]
[SourceDate "2020.10.23"]
[SourceVersion "1"]
[SourceVersionDate "2020.10.23"]
[SourceQuality "1"]

1. e4 e5 2. Nf3 Nc6 3. Bb5 Nf6 4. d3 Bc5 5. 0-0 0-0 6. Bxc6 bxc6 7. Nxe5 d5 8. d4 Bb6 9. Nxc6 Qd6 10. exd5 Nxd5 11. Ne5 c5 12. c3 Ba6 13. Re1 Rfe8 14. Be3 Nxe3 15. fxe3 Bb7 16. Nd2 cxd4 17. Ndf3 Rxe5 18. Nxe5 Qxe5 19. exd4 Qg5 20. Qc2 Bc7 21. Re2 Qh4 22. g3 Bxg3 23. hxg3 Qh1+ 24. Kf2 Qxa1 25. b3 Qh1 26. Qd3 a5 27. c4 g6 28. d5 h5 29. Re7 Qh2+ 30. Kf1 Bc8 31. d6 Bf5 32. Qd5 Bh3+ 33. Ke1 Qxg3+ 34. Kd2 Qf2+ 35. Kc1 Rd8 36. c5 Bf5 37. Qxf7+ 1-0

[Event "EU-ch Online U2300 Qual"]
[Site "Chess.com INT"]
[Date "2020.05.25"]
[Round "2"]
[White "Misini, Burhanudin"]
[Black "Sevdimaliyev, Urfan"]
[Result "1-0"]
[WhiteElo "1999"]
[BlackElo "2369"]
[PlyCount "57"]
[EventDate "2020.05.25"]
[EventType "swiss"]
[EventRounds "8"]
[EventCountry "NET"]
[SourceTitle "EXT 2021"]
[Source "ChessBase"]
[SourceDate "2020.10.23"]
[SourceVersion "1"]
[SourceVersionDate "2020.10.23"]
[SourceQuality "1"]

1. e4 c5 2. Nf3 Nc6 3. d4 cxd4 4. Nxd4 Nf6 5. Nxc6 bxc6 6. Nc3 e5 7. Be2 Bb4 8. Qd3 a5 9. Qg3 0-0 10. Bh6 Ne8 11. 0-0 d6 12. Rfd1 Qe7 13. Na4 Be6 14. a3 Bc5 15. Nxc5 dxc5 16. Be3 f6 17. f4 exf4 18. Bxf4 c4 19. Qe3 Qb7 20. Qc3 Qb5 21. a4 Qb4 22. Qxb4 axb4 23. a5 g5 24. Be3 Rf7 25. a6 Nc7 26. Rd6 Re7 27. Rxc6 Kg7 28. Bc5 Rd7 29. Bb6 1-0

[Event "EU-ch Online U2300 Qual"]
[Site "Chess.com INT"]
[Date "2020.05.25"]
[Round "5"]
[White "Misini, Burhanudin"]
[Black "Shtyka, Sergey"]
[Result "1-0"]
[WhiteElo "1999"]
[BlackElo "2175"]
[PlyCount "95"]
[EventDate "2020.05.25"]
[EventType "swiss"]
[EventRounds "8"]
[EventCountry "NET"]
[SourceTitle "EXT 2021"]
[Source "ChessBase"]
[SourceDate "2020.10.23"]
[SourceVersion "1"]
[SourceVersionDate "2020.10.23"]
[SourceQuality "1"]

1. e4 c5 2. Nf3 Nc6 3. d4 cxd4 4. Nxd4 Nf6 5. Nc3 e5 6. Ndb5 h6 7. Nd6+ Bxd6 8. Qxd6 Qe7 9. Qxe7+ Kxe7 10. Be3 d6 11. 0-0-0 Be6 12. f3 a6 13. b3 Rac8 14. Kb2 b5 15. h4 Rc7 16. g4 Rhc8 17. Ne2 Nd7 18. Rd2 b4 19. Ng3 a5 20. Ba6 Ra8 21. Be2 a4 22. Nf5+ Bxf5 23. gxf5 Nc5 24. Rg1 axb3 25. cxb3 Rca7 26. Kb1 Nd4 27. Bxd4 exd4 28. Bc4 Kf6 29. Bd5 Rc8 30. Rxd4 Rac7 31. Rgd1 Rb8 32. Bc4 Nb7 33. Ba6 Nc5 34. Rxd6+ Ke5 35. Be2 Kf4 36. R1d4 Ke3 37. Bd1 Rbc8 38. R6d5 f6 39. h5 Rc6 40. Kb2 R6c7 41. Rd2 Kf4 42. Rc2 Ke3 43. Re2+ Kxf3 44. Rd4 Kf4 45. e5+ Kxf5 46. Bc2+ Kg5 47. Rg2+ Kxh5 48. Bg6# 1-0

[Event "FRM-ch op 25th"]
[Site "Struga"]
[Date "2016.07.16"]
[Round "1"]
[White "Misini, Burhanudin"]
[Black "Stojanovski, Dejan"]
[Result "0-1"]
[WhiteElo "1954"]
[BlackElo "2441"]
[PlyCount "108"]
[EventDate "2016.07.16"]
[EventType "swiss"]
[EventRounds "9"]
[EventCountry "MKD"]
[SourceTitle "CBM 173 Extra"]
[Source "ChessBase"]
[SourceDate "2016.08.29"]
[SourceVersion "1"]
[SourceVersionDate "2016.08.29"]
[SourceQuality "1"]

1. e4 c5 2. Nf3 Nc6 3. d4 cxd4 4. Nxd4 g6 5. Be3 Nf6 6. Nc3 Bg7 7. Nxc6 bxc6 8. e5 Ng8 9. f4 f6 10. exf6 Nxf6 11. Be2 Rb8 12. Rb1 Qa5 13. 0-0 0-0 14. a3 d6 15. Bf3 Bd7 16. Qd3 c5 17. Nd5 Nxd5 18. Qxd5+ Kh8 19. c3 Qa4 20. Qd2 Bc6 21. Bd1 Qc4 22. Bc2 a5 23. Bd3 Qb3 24. f5 gxf5 25. Rxf5 Rxf5 26. Bxf5 Rg8 27. Bh3 Bf6 28. Re1 Qd5 29. Qxd5 Bxd5 30. g3 Kg7 31. Rd1 Bb3 32. Re1 Kf7 33. Bh6 e6 34. Kf2 a4 35. Bf1 Bg5 36. Bxg5 Rxg5 37. Re4 d5 38. Rh4 Bc2 39. Bb5 c4 40. Rf4+ Ke7 41. Rh4 Rg8 42. Ke3 Rb8 43. Kd2 Bg6 44. Bxa4 Rxb2+ 45. Kc1 Rb1+ 46. Kd2 Ra1 47. Bd1 Rxa3 48. Bh5 Bf5 49. Bd1 Bg6 50. Bh5 Ra2+ 51. Ke3 Rc2 52. Kd4 Kd6 53. Bxg6 hxg6 54. Rh6 Re2 0-1

[Event "Varna op-B 8th"]
[Site "Varna"]
[Date "2014.06.23"]
[Round "5"]
[White "Misini, Burhanudin"]
[Black "Gochev, Plamen"]
[Result "1-0"]
[WhiteElo "1839"]
[BlackElo "1961"]
[PlyCount "85"]
[EventDate "2014.06.19"]
[EventType "swiss"]
[EventRounds "9"]
[EventCountry "BUL"]
[SourceTitle "CBM 161 Extra"]
[Source "ChessBase"]
[SourceDate "2014.08.29"]
[SourceVersion "1"]
[SourceVersionDate "2014.08.29"]
[SourceQuality "1"]

1. e4 c6 2. d4 d5 3. e5 Bf5 4. Nf3 e6 5. Be2 Nd7 6. 0-0 Nb6 7. Nbd2 h6 8. a4 g5 9. a5 Nd7 10. Nb3 Ne7 11. Ne1 c5 12. Bb5 Nc6 13. a6 Qb6 14. axb7 Qxb7 15. Qe2 c4 16. Bxc6 Qxc6 17. Na5 Qc7 18. Bd2 Rb8 19. Bc3 Be7 20. Qd2 0-0 21. b3 cxb3 22. Nxb3 Rfc8 23. Ba5 Qc4 24. Rb1 Bxc2 25. Nxc2 Qxc2 26. Qe3 Qa2 27. Bd2 Rc2 28. Qd3 Bb4 29. Rbd1 Bxd2 30. Rxd2 Rxd2 31. Nxd2 Rb2 32. Nf3 Rb3 33. Qd1 a5 34. h4 gxh4 35. Qc1 Kg7 36. Qc8 Nf8 37. Qd8 Nh7 38. Kh2 Qe2 39. Rc1 Rxf3 40. Rc8 h5 41. Qh8+ Kh6 42. Rg8 Rh3+ 43. Kxh3 1-0

[Event "Varna op-B 8th"]
[Site "Varna"]
[Date "2014.06.21"]
[Round "3"]
[White "Dimov, Iskren"]
[Black "Misini, Burhanudin"]
[Result "0-1"]
[WhiteElo "1919"]
[BlackElo "1839"]
[PlyCount "110"]
[EventDate "2014.06.19"]
[EventType "swiss"]
[EventRounds "9"]
[EventCountry "BUL"]
[SourceTitle "CBM 161 Extra"]
[Source "ChessBase"]
[SourceDate "2014.08.29"]
[SourceVersion "1"]
[SourceVersionDate "2014.08.29"]
[SourceQuality "1"]

1. c4 Nf6 2. Nf3 g6 3. b3 Bg7 4. Bb2 0-0 5. g3 d6 6. Nc3 c6 7. Bg2 Bf5 8. 0-0 Qc8 9. d4 Bh3 10. e4 Bxg2 11. Kxg2 Nh5 12. Nh4 Bf6 13. Nf3 Qg4 14. Ng1 Qc8 15. Qd3 Nd7 16. Rad1 Bg7 17. Qe2 a6 18. Rd2 b5 19. cxb5 axb5 20. Rc1 Qb7 21. Ra1 Nb6 22. Nd1 Bh6 23. Ne3 c5 24. d5 c4 25. Rc2 cxb3 26. axb3 Rxa1 27. Bxa1 Nd7 28. Bd4 Bg7 29. Bxg7 Nxg7 30. b4 f5 31. f3 f4 32. Ng4 h5 33. Nf2 Ne5 34. Nd3 fxg3 35. hxg3 Nc4 36. Qf2 Ra8 37. Qd4 Ra3 38. Re2 Qb6 39. Qxb6 Nxb6 40. Nf4 g5 41. Ne6 Nxe6 42. dxe6 Kg7 43. e5 Nc4 44. exd6 Nxd6 45. Nh3 Kf6 46. f4 g4 47. Ng5 Nf5 48. Re5 Ra2+ 49. Kg1 Nxg3 50. Rxb5 h4 51. Re5 h3 52. Ne4+ Nxe4 53. Rxe4 g3 54. Re1 Rb2 55. Rf1 h2+ 0-1